| 000 | 01107cam a22002898i 4500 | ||
|---|---|---|---|
| 999 |
_c57714 _d57714 |
||
| 001 | 20904096 | ||
| 005 | 20221105195602.0 | ||
| 008 | 190325s2020 flu b 001 0 eng | ||
| 010 | _a 2019014218 | ||
| 020 | _a9781498704298 (pbk. : alk. paper) 1 | ||
| 020 | _a9780367333195 (hardback : alk. paper) 1 | ||
| 020 | _z9781315157054 (ebook) 1 | ||
| 060 | 1 | 0 | _aW 700 |
| 080 | _a340.6 S-61 | ||
| 245 | 0 | 0 |
_aSimpson's forensic medicine / _cedited by Professor Jason Payne-James and Dr. Richard Jones. |
| 246 | 1 | _aForensic medicine | |
| 250 | _a14ed. | ||
| 264 | 1 |
_aBoca Raton : _bCRC Press, _c2020. |
|
| 300 |
_a343 p. ; _c25 cm. |
||
| 500 | _aPreceded by Simpson's forensic medicine / Jason Payne-James ... [et al.]. 13th ed. c2011. | ||
| 650 | 1 | 2 |
_aForensic Medicine _99581 |
| 653 | _aსიმფსონის სასამართლო მედიცინა | ||
| 653 | _aსამართალი | ||
| 700 | 1 |
_aPayne-James, Jason, _eრედაქტორი _99582 |
|
| 700 | 1 |
_aJones, Richard _c(Forensic pathologist), _eრედაქტორი _99583 |
|
| 942 |
_2udc _cBK |
||